[Event "51st World Juniors"]
[Site "Athens GRE"]
[Date "2012.08.13"]
[Round "11.24"]
[White "Codenotti, Marco"]
[Black "Mihok, Oliver"]
[Result "1-0"]
[WhiteTitle "FM"]
[BlackTitle "IM"]
[WhiteElo "2314"]
[BlackElo "2456"]
[WhiteFideId "800015"]
[BlackFideId "728012"]
[EventDate "2012.08.02"]

1. e4 e5 2. Nf3 Nc6 3. Bb5 a6 4. Ba4 Nf6 5. O-O Be7 6. Re1 b5 7. Bb3 d6 8. c3
O-O 9. d4 Bg4 10. d5 Na5 11. Bc2 c6 12. h3 Bc8 13. dxc6 Qc7 14. Nbd2 Qxc6 15.
Nf1 Nc4 16. a4 Bb7 17. Ng3 g6 18. Qe2 Rfc8 19. Nh2 Bf8 20. Qf3 Bg7 21. Ng4 Nxg4
22. hxg4 Qc7 23. g5 Rd8 24. Rd1 Rac8 25. Rd3 Bc6 26. b3 Nb6 27. a5 Nd7 28. b4 f5
29. gxf6 Nxf6 30. Bb3+ Kh8 31. Bg5 Rf8 32. Qe2 h6 33. Bd2 Rcd8 34. Be3 Qb7 35.
f3 d5 36. Qd2 Rd7 37. exd5 Bxd5 38. Bxd5 Rxd5 39. Rxd5 Nxd5 40. Bxh6 Qa7+ 41.
Kh1 Nf4 42. Bg5 Rf7 43. Qd8+ Bf8 44. Qb6 Qd7 45. Bf6+ Bg7 46. Qb8+ Kh7 47. Bxg7
Rxg7 48. Qxe5 Qd2 49. Rg1 Nd3 50. Ne4 Nxe5 51. Nxd2 Rd7 52. Ne4 Rd3 53. Rc1 Nc4
54. Nc5 Rd6 55. Re1 Kg7 56. Re6 Rd1+ 57. Kh2 Rc1 58. Ne4 Rc2 59. Rxa6 Ne3 60.
Rb6 Rxg2+ 61. Kh1 Ra2 62. Rxb5 Kh6 63. Rg5 Ra1+ 64. Rg1 Ra2 65. Re1 Nd5 66. Rd1
Ne3 67. Re1 Nd5 68. Kg1 Kh5 69. Rd1 Nf4 70. Rd2 Ra1+ 71. Kf2 1-0

[Event "51st World Juniors"]
[Site "Athens GRE"]
[Date "2012.08.13"]
[Round "11.25"]
[White "Arat, Ufuk Sezen"]
[Black "Bajarani, Ulvi"]
[Result "0-1"]
[BlackTitle "IM"]
[WhiteElo "2124"]
[BlackElo "2446"]
[WhiteFideId "6309089"]
[BlackFideId "13403028"]
[EventDate "2012.08.02"]

1. e4 e6 2. d3 d5 3. Nd2 c5 4. Ngf3 Nc6 5. g3 g6 6. Bg2 Bg7 7. O-O Nge7 8. Re1
O-O 9. h4 e5 10. exd5 Nxd5 11. a3 Bg4 12. Rb1 h6 13. c4 Nde7 14. b4 cxb4 15.
axb4 Qxd3 16. b5 Nd4 17. Re3 Nxf3+ 18. Bxf3 Bxf3 19. Qxf3 Qd7 20. Ne4 Nf5 21.
Rd3 Qc7 22. c5 Nd4 23. Rxd4 exd4 24. Bf4 Qd8 25. Rc1 Qd7 26. Bxh6 f5 27. c6 bxc6
28. bxc6 Qe7 29. Qb3+ Qf7 30. Qxf7+ Rxf7 31. Bxg7 Rxg7 32. Nd6 d3 33. Nc4 Re7
34. f4 Re2 35. Rd1 Rd8 36. Ne5 Kg7 37. Kf1 Rc2 38. Ke1 d2+ 39. Ke2 a5 0-1

[Event "51st World Juniors"]
[Site "Athens GRE"]
[Date "2012.08.13"]
[Round "11.26"]
[White "Kourkoulos-Arditis, Stamatis"]
[Black "Zhou, Yang-Fan"]
[Result "0-1"]
[BlackTitle "IM"]
[WhiteElo "2109"]
[BlackElo "2430"]
[WhiteFideId "4221990"]
[BlackFideId "468584"]
[EventDate "2012.08.02"]

1. e4 c5 2. Nf3 Nc6 3. d4 cxd4 4. Nxd4 Nf6 5. Nc3 e5 6. Ndb5 d6 7. Bg5 a6 8. Na3
b5 9. Nd5 Be7 10. Bxf6 Bxf6 11. c3 Bg5 12. Nc2 Ne7 13. a4 bxa4 14. Ncb4 O-O 15.
Rxa4 a5 16. Nxe7+ Qxe7 17. Nd5 Qb7 18. b4 Be6 19. h4 Bd8 20. Bc4 axb4 21. Rxb4
Qa7 22. Qd3 Rc8 23. h5 Ba5 24. h6 g6 25. Rb5 Bxc3+ 26. Qxc3 Rxc4 27. Qxc4 Qa1+
28. Ke2 Qxh1 29. Nf6+ Kh8 30. Qc7 Qxg2 31. Rb8 Bc4+ 32. Ke3 Qg5+ 0-1

[Event "51st World Juniors"]
[Site "Athens GRE"]
[Date "2012.08.13"]
[Round "11.27"]
[White "Mazur, Stefan"]
[Black "Stanciu, Alexandru-Ovidiu"]
[Result "0-1"]
[WhiteTitle "IM"]
[WhiteElo "2394"]
[BlackElo "2342"]
[WhiteFideId "14909332"]
[BlackFideId "1217674"]
[EventDate "2012.08.02"]

1. e4 e5 2. Nf3 Nc6 3. Bb5 a6 4. Ba4 Nf6 5. O-O Be7 6. Re1 b5 7. Bb3 d6 8. c3
O-O 9. h3 Na5 10. Bc2 c5 11. d4 Nd7 12. Nbd2 exd4 13. cxd4 Nc6 14. d5 Nce5 15.
Nxe5 Nxe5 16. f4 Ng6 17. Nf3 Bh4 18. Rf1 Bg3 19. f5 Ne5 20. a4 b4 21. Bd3 Ra7
22. Kh1 Re8 23. Bg5 f6 24. Be3 Nxd3 25. Qxd3 a5 26. Qc2 b3 27. Qb1 Bxf5 28. Nd2
Bg6 29. Rf3 Be5 30. Ra3 Rb7 31. Bf2 Rb4 32. Rfxb3 Qb8 33. Qc2 Bf4 34. Rxb4 Qxb4
35. Be3 Bxe4 36. Qd1 Bxe3 37. Rxe3 Bxg2+ 38. Kxg2 Rxe3 0-1

[Event "51st World Juniors"]
[Site "Athens GRE"]
[Date "2012.08.13"]
[Round "11.28"]
[White "Dimitrov, Radoslav"]
[Black "Kigel, Dmytro"]
[Result "0-1"]
[WhiteTitle "IM"]
[BlackTitle "FM"]
[WhiteElo "2424"]
[BlackElo "2276"]
[WhiteFideId "2908549"]
[BlackFideId "14117932"]
[EventDate "2012.08.02"]

1. c4 e6 2. Nc3 Bb4 3. Nf3 Nf6 4. g3 O-O 5. Bg2 d5 6. a3 Be7 7. O-O d4 8. Na4 c5
9. d3 Nc6 10. Rb1 a5 11. Qb3 Ra6 12. e3 Nd7 13. exd4 cxd4 14. Bd2 Nb6 15. Rfc1
Nxa4 16. Qxa4 e5 17. Qb5 Qc7 18. Re1 f6 19. b4 axb4 20. Qd5+ Kh8 21. axb4 Nd8
22. b5 Ra3 23. b6 Qd7 24. Qe4 Ne6 25. Bh3 Nc5 26. Bxd7 Nxe4 27. Bxc8 Nxd2 28.
Bxb7 Nxb1 29. Rxb1 Rxd3 30. Be4 Rc3 31. b7 Rb8 32. Nd2 Kg8 33. Bd5+ Kf8 34. Ne4
Ra3 35. c5 Ke8 36. Rb6 Kd8 37. f4 Ra1+ 38. Kf2 Rc1 39. fxe5 f5 40. Nd6 Rxc5 41.
Bf3 Kc7 42. Ra6 Rxe5 43. Rc6+ Kd7 44. Nc4 Rc5 45. Nb6+ Kd8 46. Rc8+ Rcxc8 47.
bxc8=R+ Rxc8 48. Nxc8 Kxc8 49. Ke2 Kd7 50. Kd3 Bf6 51. Bd5 Ke7 52. Ke2 Be5 53.
Bc4 Kf6 54. Kf3 g5 55. h3 h5 56. Kg2 g4 57. Be2 Kg5 58. Bb5 f4 59. gxf4+ Bxf4
60. Bc4 Be3 61. Bb5 Kh4 62. Bc4 Bf4 63. Bb5 Be5 64. Bc4 Bh8 65. Bf1 Kg5 66. Bb5
Bf6 67. Bc4 Kf4 68. Bf7 g3 69. Bxh5 Bh4 70. Kf1 Ke3 71. Bg6 d3 72. Bf5 Kd2 73.
Bg6 Kc3 74. Be4 d2 0-1

[Event "51st World Juniors"]
[Site "Athens GRE"]
[Date "2012.08.13"]
[Round "11.29"]
[White "Minko, Vladimir"]
[Black "Firat, Burak"]
[Result "1/2-1/2"]
[BlackTitle "IM"]
[WhiteElo "2257"]
[BlackElo "2423"]
[WhiteFideId "24146706"]
[BlackFideId "6305881"]
[EventDate "2012.08.02"]

1. d4 Nf6 2. c4 g6 3. Nc3 d5 4. cxd5 Nxd5 5. Na4 Bg7 6. e4 Nb4 7. a3 N4c6 8. d5
Ne5 9. f4 Ng4 10. Be2 Nf6 11. Bf3 c6 12. Nc3 O-O 13. Be3 e5 14. dxe6 Bxe6 15. e5
Nfd7 16. Nge2 Qe7 17. Nd4 Bc4 18. Be2 Nb6 19. Nf3 N8d7 20. O-O f6 21. Bxb6 Nxb6
22. Bxc4+ Nxc4 23. Qe2 b5 24. e6 f5 25. Rad1 Qc5+ 26. Kh1 Ne3 27. Rde1 Nxf1 28.
e7 Rfe8 29. Qe6+ Kh8 30. Ng5 Rxe7 31. Qxe7 Qxe7 32. Rxe7 Nd2 33. g3 Nc4 34. Rc7
Nxb2 35. Rxc6 a6 36. Nd5 Nc4 37. Nc7 Rc8 38. Rxa6 h6 39. Nge6 Ne3 40. Rb6 Nc4
41. Rxb5 Nxa3 42. Rd5 Bf6 43. Rd7 Bb2 44. h4 Nc4 45. Nd5 Nd2 46. Ne7 Rc1+ 47.
Kg2 Ne4 48. Rd8+ Kh7 49. Rg8 Rc2+ 50. Kg1 Rc1+ 51. Kg2 1/2-1/2

[Event "51st World Juniors"]
[Site "Athens GRE"]
[Date "2012.08.13"]
[Round "11.30"]
[White "Stathopoulos, Ioannis"]
[Black "Galopoulos, Nikolaos"]
[Result "0-1"]
[WhiteElo "2216"]
[BlackElo "2402"]
[WhiteFideId "4223098"]
[BlackFideId "4208951"]
[EventDate "2012.08.02"]

1. d4 Nf6 2. c4 e6 3. Nc3 Bb4 4. e3 c5 5. Bd3 Nc6 6. Nf3 Bxc3+ 7. bxc3 d6 8. O-O
e5 9. Nd2 O-O 10. Rb1 b6 11. h3 Bd7 12. f4 exd4 13. cxd4 Qe7 14. Re1 d5 15. dxc5
bxc5 16. cxd5 Nb4 17. Rxb4 cxb4 18. e4 Qc5+ 19. Kh1 Qf2 20. Rf1 Qg3 21. Rf3 Qh4
22. Kg1 Rfe8 23. Bb2 Nxd5 24. g3 Qxh3 25. exd5 Bg4 26. Qf1 Qh5 27. f5 Bxf3 28.
Nxf3 Rad8 29. f6 Rxd5 30. fxg7 Re3 31. Be2 Rd2 32. Nxd2 Rxe2 33. Nf3 Rxb2 34.
Qc1 Re2 35. Qf4 Qh3 0-1

[Event "51st World Juniors"]
[Site "Athens GRE"]
[Date "2012.08.13"]
[Round "11.31"]
[White "Soors, Stef"]
[Black "Podolsky, Anton"]
[Result "1-0"]
[WhiteTitle "FM"]
[WhiteElo "2364"]
[BlackElo "2246"]
[WhiteFideId "209511"]
[BlackFideId "14119668"]
[EventDate "2012.08.02"]

1. e4 c5 2. c3 e6 3. Nf3 d5 4. exd5 exd5 5. d4 Nf6 6. Bb5+ Bd7 7. Bxd7+ Nbxd7 8.
O-O Be7 9. dxc5 Nxc5 10. Nd4 Qd7 11. Qf3 O-O 12. Nf5 Rfe8 13. Na3 Bf8 14. Nc2
Re5 15. Ncd4 Rae8 16. h3 Ne6 17. Be3 Ne4 18. Qg4 Kh8 19. Nf3 Rxf5 20. Qxf5 g6
21. Qe5+ f6 22. Qh2 Bd6 23. g3 Ng7 24. Bxa7 Qb5 25. Bd4 Nf5 26. Qg2 Nxd4 27.
cxd4 Qxb2 28. h4 Nc3 29. Qh3 f5 30. h5 Kg7 31. Rae1 Ne2+ 32. Kg2 Qxa2 33. hxg6
hxg6 34. Rh1 b5 35. Qh7+ Kf6 36. Rh6 1-0

[Event "51st World Juniors"]
[Site "Athens GRE"]
[Date "2012.08.13"]
[Round "11.32"]
[White "Griffiths, Ryan Rhys"]
[Black "Vasques, Antonio Pedro Freixial"]
[Result "1-0"]
[WhiteTitle "FM"]
[WhiteElo "2362"]
[BlackElo "2214"]
[WhiteFideId "2502054"]
[BlackFideId "1908332"]
[EventDate "2012.08.02"]

1. d4 Nf6 2. c4 g6 3. Nc3 Bg7 4. e4 d6 5. h3 O-O 6. Bg5 c6 7. Nf3 e5 8. d5 c5 9.
Bd3 Na6 10. g4 Nc7 11. Nd2 Rb8 12. a3 h6 13. Be3 Nh7 14. h4 Bd7 15. h5 Ng5 16.
b4 b6 17. Qe2 Qe7 18. Rb1 Rbc8 19. f3 Ne8 20. Qg2 Nf6 21. bxc5 bxc5 22. Bxg5
hxg5 23. h6 Bh8 24. h7+ Nxh7 25. Rb7 Nf6 26. Ke2 Qd8 27. Rxa7 Ra8 28. Rxa8 Qxa8
29. Ra1 Qa5 30. Nb5 Bxb5 31. cxb5 Qc3 32. Qg1 Ra8 33. a4 Nd7 34. Nc4 Bf6 35. Ra3
Qb4 36. Qa1 Kg7 37. Qb1 Rh8 38. Qxb4 cxb4 39. Rb3 Rh2+ 40. Ke3 Bd8 41. Rxb4 Nb6
42. Be2 Nxc4+ 43. Rxc4 Bb6+ 44. Kd3 Rh1 45. Rc6 Bc5 46. Rxc5 dxc5 47. a5 Ra1 48.
a6 Kf6 49. Kc4 Rc1+ 50. Kb3 Rb1+ 51. Kc2 Re1 52. Bc4 Ke7 53. a7 Ra1 54. b6 1-0

[Event "51st World Juniors"]
[Site "Athens GRE"]
[Date "2012.08.13"]
[Round "11.33"]
[White "Larmuseau, Maarten"]
[Black "Aggelis, Nikolaos"]
[Result "0-1"]
[BlackTitle "FM"]
[WhiteElo "2245"]
[BlackElo "2352"]
[WhiteFideId "209988"]
[BlackFideId "4213220"]
[EventDate "2012.08.02"]

1. e4 Nf6 2. e5 Nd5 3. d4 d6 4. Nf3 dxe5 5. Nxe5 c6 6. Be2 Bf5 7. O-O Nd7 8. Nf3
e6 9. c4 N5f6 10. Nc3 Bd6 11. h3 h6 12. d5 cxd5 13. cxd5 e5 14. Be3 O-O 15. Qb3
e4 16. Nd4 Nc5 17. Qc4 Bg6 18. Ndb5 Nd3 19. Bxd3 exd3 20. Nxd6 Qxd6 21. Qd4 Rfd8
22. Bf4 Qb6 23. Qxb6 axb6 24. Bc7 Rd7 25. d6 Ne8 26. Rfd1 Nxd6 27. Bxd6 Rxd6 28.
Rd2 f5 29. Re1 Re8 30. Rxe8+ Bxe8 31. f3 g5 32. Kf2 Bg6 33. f4 Rd4 34. Ne2 Rb4
35. a3 Rc4 36. Rxd3 Rc2 37. Ke3 Rxb2 38. g3 Kf8 39. Rc3 Ra2 40. fxg5 hxg5 41.
Nd4 Ke7 42. Rb3 b5 43. Nxb5 Rh2 44. Nd4 f4+ 45. Kf3 Rxh3 46. Rxb7+ Ke8 47. Rb8+
Ke7 48. Ne2 Rh2 49. Nxf4 gxf4 50. Kxf4 Rh5 51. Rg8 Bf7 52. Rg5 Rh6 53. a4 Rh1
54. a5 Ke6 55. Rb5 Rf1+ 56. Kg5 Ra1 57. Rb6+ Ke5 58. Rb7 Bd5 59. Rb4 Kd6 60. g4
Bc6 61. Rf4 Bd5 62. Rf6+ Be6 63. Kg6 Rxa5 64. g5 Ke5 65. Rf2 Bg4 66. Kh6 Ra6+
67. g6 Bf5 68. Re2+ Kf6 69. Rf2 Ra3 70. Kh7 Rh3+ 71. Kg8 Kxg6 72. Rf1 Rh2 73.
Rf3 Ra2 0-1

[Event "51st World Juniors"]
[Site "Athens GRE"]
[Date "2012.08.13"]
[Round "11.34"]
[White "Aghayev, Miragha"]
[Black "Gemy, Jose Daniel"]
[Result "1/2-1/2"]
[BlackTitle "FM"]
[WhiteElo "2187"]
[BlackElo "2345"]
[WhiteFideId "818070"]
[BlackFideId "3301478"]
[EventDate "2012.08.02"]

1. e4 e6 2. d4 d5 3. Nd2 c5 4. Ngf3 cxd4 5. exd5 Qxd5 6. Bc4 Qd6 7. O-O Nf6 8.
Nb3 Nc6 9. Nbxd4 Nxd4 10. Nxd4 a6 11. a4 Bd7 12. c3 Qc7 13. Qe2 Bd6 14. h3 O-O
15. Bg5 Nd5 16. Bxd5 exd5 17. Qf3 h6 18. Bd2 Be6 19. Rfe1 Rae8 20. Be3 Kh7 21.
Ne2 Qc4 22. Bd4 Qb3 23. Qd3+ g6 24. Ng3 f5 25. Nf1 Qc4 26. Qc2 f4 27. Nd2 Qc8
28. Qd3 Bf5 29. Qf3 Qc6 30. Qd1 Rxe1+ 31. Qxe1 Re8 32. Qf1 Qd7 33. a5 Qe6 34.
Nf3 Qe2 35. Re1 Qxf1+ 36. Kxf1 Bd3+ 37. Kg1 Rxe1+ 38. Nxe1 Be2 39. Bb6 Kg7 40.
Nc2 Kf7 41. Nd4 Bc4 42. h4 h5 43. f3 Ke7 44. Kf2 Kd7 45. b4 Be5 46. Bc5 Bd3 47.
Bb6 Bf6 48. g3 fxg3+ 49. Kxg3 g5 50. hxg5 Bxg5 51. Nb3 Bf5 52. f4 h4+ 53. Kf3
Bh6 54. Be3 h3 1/2-1/2

[Event "51st World Juniors"]
[Site "Athens GRE"]
[Date "2012.08.13"]
[Round "11.35"]
[White "Grandadam, Nicolas"]
[Black "Ashiku, Franc"]
[Result "1-0"]
[WhiteTitle "FM"]
[WhiteElo "2333"]
[BlackElo "2152"]
[WhiteFideId "681806"]
[BlackFideId "4700066"]
[EventDate "2012.08.02"]

1. Nf3 Nf6 2. c4 c5 3. d4 cxd4 4. Nxd4 e6 5. Nc3 a6 6. e4 Qc7 7. Be2 b6 8. f3
Bd6 9. g3 h5 10. a3 h4 11. Be3 Bc5 12. Kf2 Nc6 13. Qd2 Bb7 14. b4 Nxd4 15. Bxd4
Bd6 16. Kg2 Be5 17. Qe3 hxg3 18. hxg3 Rxh1 19. Rxh1 Bxg3 20. e5 Bxe5 21. Bxe5 d6
22. Bxf6 gxf6 23. Nd5 Bxd5 24. cxd5 Ke7 25. dxe6 Rg8+ 26. Kf2 d5 27. f4 1-0

[Event "51st World Juniors"]
[Site "Athens GRE"]
[Date "2012.08.13"]
[Round "11.36"]
[White "Ladva, Ottomar"]
[Black "Kleinman, Michael"]
[Result "1-0"]
[BlackTitle "FM"]
[WhiteElo "2153"]
[BlackElo "2330"]
[WhiteFideId "4500024"]
[BlackFideId "2609479"]
[EventDate "2012.08.02"]

1. e4 c5 2. Nf3 e6 3. d4 cxd4 4. Nxd4 Nc6 5. Nc3 Qc7 6. Be3 a6 7. Qd2 Nf6 8.
O-O-O Be7 9. f3 h5 10. Kb1 b5 11. Nxc6 dxc6 12. Qf2 e5 13. Bb6 Qb7 14. Bc5 Be6
15. Be2 O-O 16. h3 Bxc5 17. Qxc5 Nd7 18. Qd6 Qb6 19. f4 exf4 20. Qxf4 Nc5 21. e5
Qa5 22. a3 Rab8 23. Qb4 Qb6 24. Ne4 Nd7 25. Ng5 Bd5 26. Qh4 f6 27. exf6 Rxf6 28.
Bf3 Bxf3 29. gxf3 Ne5 30. f4 Ng6 31. Qxh5 Nf8 32. Ne4 Rxf4 33. Qe5 Rf7 34. Rhg1
Nh7 35. Nd6 Rf6 36. Qe7 g5 37. Rxg5+ Nxg5 38. Qxf6 Qe3 39. Nf5 1-0

[Event "51st World Juniors"]
[Site "Athens GRE"]
[Date "2012.08.13"]
[Round "11.37"]
[White "Arvola, Benjamin"]
[Black "Carbone, Diego"]
[Result "1-0"]
[WhiteElo "2300"]
[BlackElo "2069"]
[WhiteFideId "1506536"]
[BlackFideId "3002179"]
[EventDate "2012.08.02"]

1. Nf3 Nf6 2. c4 c5 3. g3 b6 4. Bg2 Bb7 5. O-O e6 6. Nc3 Be7 7. b3 d6 8. d4 cxd4
9. Qxd4 Nbd7 10. Rd1 a6 11. Ba3 Nc5 12. Rac1 O-O 13. Qe3 Qc7 14. b4 Ncd7 15. b5
Nc5 16. Bb2 Rfd8 17. Rd2 a5 18. Nd4 Ng4 19. Qf4 Ne5 20. Nd1 Bxg2 21. Kxg2 Qb7+
22. f3 h6 23. h4 Rac8 24. Nb3 Nxb3 25. axb3 Nd7 26. Qd4 Bf6 27. Qe3 Bxb2 28.
Nxb2 Nc5 29. Rcd1 Qc7 30. Qc3 Rd7 31. e4 Rcd8 32. g4 Qb7 33. Nd3 Qc7 34. Kh3 Qc8
35. Nf4 Qc7 36. Qe3 a4 37. b4 Nb3 38. Rc2 Kf8 39. Rc3 Rc8 40. g5 hxg5 41. hxg5
Ke7 42. Kg2 Rh8 43. g6 f6 44. Rc2 Rdd8 45. Qf2 Rh6 46. Rh1 Rxh1 47. Kxh1 Rh8+
48. Kg1 Ra8 49. Qh4 Qc8 50. Qh7 Qf8 51. Ra2 Nd4 52. Kf2 f5 53. exf5 Nxf5 54. Nh5
Nh4 55. Ra3 Nf5 56. Ke1 e5 57. Kd1 Ke6 58. Ke1 Ra7 59. Kd1 Qc8 60. f4 Qxc4 61.
Qg8+ 1-0

[Event "51st World Juniors"]
[Site "Athens GRE"]
[Date "2012.08.13"]
[Round "11.38"]
[White "Papasimakopoulos, Alexandros"]
[Black "Hernandez Sanchez, Jairo Andres"]
[Result "0-1"]
[BlackTitle "FM"]
[WhiteElo "2126"]
[BlackElo "2288"]
[WhiteFideId "4244125"]
[BlackFideId "4404017"]
[EventDate "2012.08.02"]

1. d4 Nf6 2. c4 e6 3. Nc3 Bb4 4. Qc2 c5 5. dxc5 Bxc5 6. Nf3 O-O 7. Bg5 Nc6 8. e3
b6 9. Be2 Be7 10. O-O h6 11. Bh4 Nh5 12. Bxe7 Qxe7 13. Rfd1 Nf6 14. Nd4 Nxd4 15.
Rxd4 Bb7 16. Rad1 Rfd8 17. e4 d6 18. f3 Ne8 19. Qa4 Qg5 20. Qa3 Bc6 21. g3 Rdc8
22. Kf2 Qe5 23. R1d2 Rc7 24. Bd1 Rac8 25. Ba4 Qa5 26. b4 Qh5 27. Kg2 e5 28. R4d3
Bxa4 29. Qxa4 Rxc4 30. Nd5 Qg5 31. Qxa7 Rc2 32. f4 exf4 33. Nxf4 Qe5 34. Qb7
R8c6 35. Kf3 Nf6 36. Re2 g5 37. Rdd2 R6c3+ 38. Nd3 Rxd2 39. Rxd2 d5 40. exd5
Qe4+ 41. Kf2 Ng4+ 42. Kf1 Nxh2+ 43. Kf2 Ng4+ 44. Kf1 Qh1+ 45. Ke2 Qg2+ 46. Ke1
Qxg3+ 47. Ke2 Qg2+ 48. Ke1 Qg1+ 49. Ke2 Qe3+ 50. Kd1 Qf3+ 51. Ke1 Ne3 52. Qxf7+
Qxf7 0-1

[Event "51st World Juniors"]
[Site "Athens GRE"]
[Date "2012.08.13"]
[Round "11.39"]
[White "Torres, Juan Camilo"]
[Black "Krysa, Leandro"]
[Result "1-0"]
[BlackTitle "IM"]
[WhiteElo "2291"]
[BlackElo "2438"]
[WhiteFideId "4405790"]
[BlackFideId "116807"]
[EventDate "2012.08.02"]

1. d4 Nf6 2. c4 g6 3. Nc3 d5 4. Nf3 Bg7 5. Bf4 O-O 6. e3 c5 7. dxc5 Ne4 8. Rc1
Nd7 9. cxd5 Qa5 10. Qc2 Nxc3 11. bxc3 Nxc5 12. e4 Bd7 13. Bc4 Ba4 14. Qe2 b5 15.
Bd3 Bxc3+ 16. Bd2 b4 17. Bc4 Bd7 18. Bxc3 bxc3 19. O-O Rfc8 20. Ne5 Be8 21. f4
Na4 22. Nc6 Bxc6 23. dxc6 e6 24. f5 Rxc6 25. Bb5 Rc7 26. f6 Nb2 27. Kh1 h6 28.
Qe3 Kh7 29. a4 Nxa4 30. Bxa4 Qxa4 31. Rf3 Qa5 32. Rh3 g5 33. e5 Rg8 34. Qd3+ Rg6
35. Rxh6+ Kg8 36. Qd8# 1-0

[Event "51st World Juniors"]
[Site "Athens GRE"]
[Date "2012.08.13"]
[Round "11.40"]
[White "Leiva, Giuseppe"]
[Black "De Filomeno, Simone"]
[Result "0-1"]
[WhiteTitle "FM"]
[BlackTitle "FM"]
[WhiteElo "2283"]
[BlackElo "2358"]
[WhiteFideId "3804399"]
[BlackFideId "828688"]
[EventDate "2012.08.02"]

1. Nf3 d5 2. g3 Nf6 3. Bg2 Bg4 4. Ne5 Bf5 5. c4 c6 6. cxd5 cxd5 7. Qa4+ Bd7 8.
Nxd7 Nbxd7 9. O-O e6 10. Nc3 Be7 11. d3 O-O 12. Bf4 a6 13. Rac1 b5 14. Qd1 Rc8
15. e4 b4 16. Na4 Qa5 17. Rxc8 Rxc8 18. e5 Ne8 19. d4 Rc6 20. Be3 g6 21. h4 Ng7
22. Re1 Nf5 23. Bh3 Nxe3 24. fxe3 Qc7 25. Rf1 f5 26. Re1 h5 27. Kh1 Nb6 28. Nxb6
Qxb6 29. Bf1 Qa5 30. Qb1 Kf7 31. Bd3 b3 32. axb3 Qd2 33. Kg1 Bb4 34. Re2 Rc1+
35. Kf2 Qd1 36. Qxc1 Qxc1 37. Rc2 Qe1+ 38. Kg2 Qxe3 39. Rc7+ Be7 0-1

[Event "51st World Juniors"]
[Site "Athens GRE"]
[Date "2012.08.13"]
[Round "11.41"]
[White "Jacko, Vladimir2"]
[Black "Nuri, Kambez"]
[Result "0-1"]
[WhiteTitle "FM"]
[BlackTitle "FM"]
[WhiteElo "2349"]
[BlackElo "2274"]
[WhiteFideId "14915928"]
[BlackFideId "1311433"]
[EventDate "2012.08.02"]

1. e4 c5 2. Nf3 d6 3. d4 cxd4 4. Nxd4 Nf6 5. Nc3 Nc6 6. Bc4 Na5 7. Be2 g6 8. O-O
Bg7 9. Kh1 O-O 10. Bg5 Bd7 11. f4 Nc6 12. Nb3 a6 13. Bf3 Ne8 14. Re1 Nc7 15. e5
dxe5 16. Nc5 Bc8 17. Qxd8 Rxd8 18. Bxc6 bxc6 19. Bxe7 Rd2 20. fxe5 Rxc2 21. Rad1
Bg4 22. Rd6 Re8 23. Bf6 Bxf6 24. Rxf6 Rxe5 25. N5e4 Bf5 26. g4 Be6 27. Ref1 Rxe4
28. Nxe4 Bd5 29. Re1 Rc4 30. Kg1 Bxe4 31. Rd6 Bd5 32. h3 Ne6 0-1

[Event "51st World Juniors"]
[Site "Athens GRE"]
[Date "2012.08.13"]
[Round "11.42"]
[White "Gantar, Jan"]
[Black "Malikentzos, Sotirios"]
[Result "1/2-1/2"]
[BlackTitle "FM"]
[WhiteElo "2218"]
[BlackElo "2337"]
[WhiteFideId "14607875"]
[BlackFideId "4215079"]
[EventDate "2012.08.02"]

1. e4 g6 2. d4 Bg7 3. Nc3 d6 4. g3 Nd7 5. Bg2 c5 6. Nge2 Ngf6 7. O-O Rb8 8. a4
b6 9. f4 O-O 10. h3 a6 11. Be3 Bb7 12. d5 b5 13. axb5 axb5 14. g4 b4 15. Nb1 Nb6
16. Nd2 Re8 17. c4 e6 18. dxe6 Rxe6 19. Ng3 Re8 20. Ra7 Nfd7 21. Qb3 Bc6 22. Kh2
Ra8 23. Rxa8 Qxa8 24. Qc2 Qb7 25. b3 Qc7 26. Qd3 Ra8 27. Rd1 Nf8 28. Nf3 Nc8 29.
g5 Ra3 30. Bc1 Ra2 31. Rd2 Qa7 32. f5 Bc3 33. Rd1 Nd7 34. Bf4 Rb2 35. Rb1 Rxb1
36. Qxb1 Ne5 37. Qd1 Nxf3+ 38. Qxf3 Qa1 39. Qg4 Bd4 40. Ne2 Be5 1/2-1/2

[Event "51st World Juniors"]
[Site "Athens GRE"]
[Date "2012.08.13"]
[Round "11.43"]
[White "Sodikov, Ilyas"]
[Black "Wageih, Kareim"]
[Result "1-0"]
[BlackTitle "IM"]
[WhiteElo "2234"]
[BlackElo "2332"]
[WhiteFideId "13705490"]
[BlackFideId "10604561"]
[EventDate "2012.08.02"]

1. e4 c6 2. d4 d5 3. Nd2 dxe4 4. Nxe4 Nd7 5. Ng5 Ngf6 6. Bd3 e6 7. N1f3 Bd6 8.
Qe2 h6 9. Ne4 Nxe4 10. Qxe4 Qc7 11. Qg4 Kf8 12. O-O c5 13. b3 e5 14. d5 Nf6 15.
Qh4 Nxd5 16. Bb2 Bd7 17. Rae1 Re8 18. Bc4 Nb6 19. Bd3 Nd5 20. Bc4 Nb6 21. Bd3
Kg8 22. Qh5 f6 23. c4 Nc8 24. Nh4 Ne7 25. f4 Qc8 26. fxe5 Bxe5 27. Bxe5 Bg4 28.
Qxe8+ Qxe8 29. Bd6 Qd8 30. Rxe7 f5 31. Bxf5 Bxf5 32. Nxf5 Rh7 33. Rxb7 Qg5 34.
Ne7+ 1-0

[Event "51st World Juniors"]
[Site "Athens GRE"]
[Date "2012.08.13"]
[Round "11.44"]
[White "Edwards, Jonathan"]
[Black "Farid, Firman Syah"]
[Result "0-1"]
[BlackTitle "CM"]
[WhiteElo "2170"]
[BlackElo "2318"]
[WhiteFideId "2402912"]
[BlackFideId "7102526"]
[EventDate "2012.08.02"]

1. e4 c5 2. Nf3 d6 3. Bc4 Nf6 4. d3 e6 5. O-O Be7 6. c3 O-O 7. Re1 Nc6 8. Bb3 b6
9. Nbd2 Ba6 10. Nf1 Ne5 11. Bc2 Qc7 12. Ng3 Rac8 13. a4 Rfd8 14. Bf4 Ng6 15. Qd2
e5 16. Bg5 d5 17. Bxf6 Bxf6 18. exd5 Rxd5 19. Qe3 Rcd8 20. c4 R5d7 21. Ne4 Bb7
22. g3 Be7 23. a5 f5 24. Nc3 f4 25. Qe2 Bf6 26. Nd5 Bxd5 27. cxd5 Kh8 28. Bb3 b5
29. a6 Rf8 30. d4 e4 31. dxc5 exf3 32. Qxb5 fxg3 33. Re4 Nf4 34. Rxf4 Qxf4 35.
Qxd7 Bd4 36. Qd6 Bxf2+ 37. Kf1 g2+ 38. Kxf2 Qd4+ 39. Kg3 g1=Q+ 40. Rxg1 Qxg1+
41. Kh4 Re8 42. Qf4 g5+ 43. Qxg5 Re4+ 0-1

[Event "51st World Juniors"]
[Site "Athens GRE"]
[Date "2012.08.13"]
[Round "11.45"]
[White "Brown, Andrew"]
[Black "Zeppos, Panagiotis"]
[Result "1-0"]
[WhiteTitle "IM"]
[WhiteElo "2296"]
[BlackElo "1978"]
[WhiteFideId "3206513"]
[BlackFideId "4228383"]
[EventDate "2012.08.02"]

1. d4 Nf6 2. c4 g6 3. Nc3 Bg7 4. e4 d6 5. f4 O-O 6. Nf3 c5 7. d5 e6 8. Be2 exd5
9. cxd5 Nbd7 10. O-O Re8 11. Qc2 Qe7 12. Nd2 Nb6 13. Bf3 c4 14. a4 a5 15. Nb5
Bd7 16. Kh1 Bxb5 17. axb5 Nfd7 18. Ra3 a4 19. e5 dxe5 20. d6 Qxd6 21. Bxb7 Rad8
22. Ne4 Qc7 23. Bc6 f5 24. Nd2 Kh8 25. Nxc4 Nxc4 26. Qxc4 Nb6 27. Qe2 Re6 28.
fxe5 Qe7 29. Rd3 Rxe5 30. Rxd8+ Qxd8 31. Rd1 Qh4 32. Qf1 h6 33. Bf4 Re7 34. Bd6
Re6 35. Bc5 Be5 36. Bg1 Bc7 37. Rc1 Qe7 38. Qd1 Qd6 39. Qxd6 Rxd6 40. Re1 Rd8
41. Re7 Bb8 42. Bxb6 Rd1+ 43. Bg1 Bd6 44. Rd7 1-0